=LDR 00000nam 2200000 4500 =001 INLIS000000000037263 =005 20200204021619 =035 ##$$a 0010-061300000037263 =008 200204################g##########0#ind## =041 ##$$a Ind =082 ##$$a 005.369 =090 ##$$a 005.369, Abi m =100 ##$$a Abimono =245 1#$$a Mengapa boss benci chart anda, : $b Rahasia membuat chart profesional, /$c Abimono =260 ##$$a Jakarta :$b Elex Media Komputindo,$c 2011 =300 ##$$a 222 hlm, : $b Ilus ; $c 23 X 15 cm. =650 #4$$a MS Excel-Program Komputer =850 ##$$a NBPNMAT =020 ##$$a 978-979-27-9359-8 =084 ##$$a 005.369 Abi m =990 ##$$a 21104097 =990 ##$$a 21104098